Giáo trình giáo dục gia đình Dành cho hệ cao đẳng sư phạm mầm non

MN030 Giáo dục gia đình

保存先:
書誌詳細
第一著者: Ngô, Công Hoàn
フォーマット: 図書
言語:Undetermined
出版事項: H. Giáo dục 2008
主題:
オンライン・アクセス:http://lrc.tdmu.edu.vn/opac/search/detail.asp?aID=2&ID=4227
タグ: タグ追加
タグなし, このレコードへの初めてのタグを付けませんか!
Thư viện lưu trữ: Trung tâm Học liệu Trường Đại học Thủ Dầu Một
LEADER 00739nam a2200217Ia 4500
001 TDMU_4227
008 210410s9999 xx 000 0 und d
082 |a 372.21 
090 |b NG450 
100 |a Ngô, Công Hoàn 
245 0 |a Giáo trình giáo dục gia đình 
245 0 |b Dành cho hệ cao đẳng sư phạm mầm non 
245 0 |c Ngô Công Hoàn 
260 |a H. 
260 |b Giáo dục 
260 |c 2008 
300 |a 130tr. 
520 |a MN030 Giáo dục gia đình 
650 |a Giáo dục mầm non  |x Gia đình; Nuôi dạy trẻ tại nhà 
856 |u http://lrc.tdmu.edu.vn/opac/search/detail.asp?aID=2&ID=4227 
980 |a Trung tâm Học liệu Trường Đại học Thủ Dầu Một